Les coudées franches - A free hand - الأيادي الطليقة (notice n° 9577)

détails MARC
000 -Label
leader 01333nam a2200229 4500
010 ## - ISBN
ISBN 978-9938-9735-2-5
099 ## - Informations locales
Type de document Livre
100 ## - Données générales de traitement
a 20260324d u||y0frey5050 ba
101 ## - Langue
langue document français
-- anglais
-- arabe
102 ## - Pays d'édition ou de production
pays d'édition Maroc
200 ## - Titre
titre propre Les coudées franches - A free hand - الأيادي الطليقة
type de document Livre
sous-titre Parcours d'émancipation en sciences sociales au Maghreb
-- Emancipation pathways for the social sciences in the Maghreb
-- مسار التحرر في العلوم الاجتماعية المغاربية
auteur Dakhlia Jocelyne
auteur secondaire Traduit par Bechir Lamine
-- ترجمة رجاء بن سلامة
210 ## - Editeur
lieu de publication Maroc
nom de l'éditeur Nachaz Dissonance
date de publication 2024
215 ## - Description
Importance matérielle 98 p.
format 20.5x14.5
autres carac. couv.coul.
330 ## - Résumé
Résumé "Ce qui n'est pas audible aujourd'hui le sera peut-être demain, dans dix ans... En tout cas, dans un moment où l'on appelle de toute part à une refonte globale de l'ordre du monde, un magnifique espace s'ouvre à nous pour produire une nouvelle force de proposition. Et s'il faut "répondre", répondons d'abord de nous-mêmes…"
606 ## - sujets
sujet AFRIQUE DU NORD
subdiv. sujet SCIENCE SOCIALE
-- RECHERCHE SCIENTIFIQUE
subdiv. géo. TUNISIE
koha internal code 26459
700 ## - Auteur
code de fonction Auteur
auteur Dakhlia
prénom Jocelyne
koha internal code 26442
702 ## - Auteur secondaire
code de fonction Traducteur
nom Lamine
prénom Bechir
koha internal code 26460
702 ## - Auteur secondaire
code de fonction Traducteur
nom Ben Slama
prénom Raja
koha internal code 26461
801 ## - source de catalogage
pays TN
agence de catalogage 32BIS
date de la transaction 20260324
règles de catalogage utilisées UNIMARC
830 ## - note
catalogeur SG
Exemplaires
Propriétaire Dépositaire Localisation Code barre Numéro Inventaire Cote Note Statut
The 32bis Library The 32bis Library Salle de lecture 32BIS 007388 7307 305 DAK dépôt MAB Consultable sur place
32 bis, rue Ben Ghedhahem 1000 Tunis - Tunisie www.32bis.org
Contact : mediatheque@32bis.org